| 000 | 00888nam a2200229 a 4500 | ||
|---|---|---|---|
| 001 | 000007007 | ||
| 005 | 20200929154037.0 | ||
| 008 | 090904s1997 dr r 000 0 spa d | ||
| 040 |
_aDO-SdBNP _bspa _cBNPHU |
||
| 082 |
_a510 _bM425b |
||
| 245 | 0 | 0 |
_aMatemática básica universitaria / _cAgustin Guzmán ... [et al.] ; prólogo Ramón Aníbal Castro R. |
| 260 |
_aSantiago de los Caballeros : _bTeófilo, _c1997. |
||
| 300 |
_a2 v. ; _c21 cm. |
||
| 590 | _aInventariado, 2018/BT | ||
| 650 | 4 |
_aMatemáticas _xProblemas, ejercicios, etc. _919473 |
|
| 650 | 4 |
_aTeoría de conjuntos _xProblemas, ejercicios, etc. _919474 |
|
| 650 | 4 |
_aPolinomios _xProblemas, ejercicios, etc. _919475 |
|
| 650 | 4 |
_aEcuaciones _xProblemas, ejercicios, etc. _919476 |
|
| 700 | 1 |
_aGuzmán, Agustin _919477 |
|
| 700 | 1 |
_aCastro R. , Ramón Aníbal, _epról. _919478 |
|
| 910 | _aValidado. Control de calidad. MMOLINA | ||
| 999 |
_c6791 _d6791 |
||